000 00813nam a2200253Ia 4500
003 OSt
005 20220923210950.0
006 a|||||r|||| 00| 0
007 ta
008 220922b |||||||| |||| 00| 0 pan d
020 _a8126016108 (hbk)
024 _a234,976
037 _cTextual
040 _aARTS
_cARTS
_bpan
041 _2pan
_apan
082 _aO153,1x, P3
100 _aਕਾਂਗ, ਅਮਰਜੀਤ ਸਿੰਘ, ਥਦ.
_9156636
245 0 _aਪੰਜਾਬੀ ਕਿੱਸਾ ਸਾਹਿਤ
260 _aਦਿੱਲੀ
_b ਸਾਹਿਤ ਅਕਾਦੇਮੀ
_c2003
300 _a444ਪੰ
_ccm.
650 _aਪੰਜਾਬੀ ਸਾਹਿਤ
942 _hO153,1x, P3
_cTEXL
_2CC
999 _c293260
_d293260